Soccer/Football players by country - Statistics

General Stats
  • This quiz has been taken 61 times
  • The average score is 16 of 18
Answer Stats
Hint Answer % Correct
Lionel Messi Argentina
100%
Cristiano Ronaldo Portugal
100%
Luka Modric Croatia
98%
Jude Bellingham England
98%
Antoine Greizmann France
96%
Robert Lewandowski Poland
95%
Mo Salah Egypt
93%
Fernando Torres Spain
93%
Zlatan Ibrahimovich Sweden
93%
Joshua Kimmich Germany
91%
Virgil Van Dijk Netherlands
91%
Paolo Maldini Italy
89%
Edison Cavani Uruguay
89%
Eden Hazard Belgium
87%
Thiago Silver Brazil
87%
Alphonso Davies Canada
87%
Sadio Mane Senegal
82%
Keylor Navas Costa Rica
75%
No matching quizzes found
Score Distribution
Percent of People with Each Score
Percentile by Number Answered
Your Score History
You have not taken this quiz